Catálogo
 En Linea

Encuentros en la República Dominicana. (Registro nro. 20188)

Detalles MARC
000 -CABECERA
campo de control de longitud fija 00731nam a2200229 a 4500
001 - NÚMERO DE CONTROL
campo de control 000020684
003 - IDENTIFICADOR DEL NÚMERO DE CONTROL
campo de control OSt
005 - FECHA Y HORA DE LA ÚLTIMA TRANSACCIÓN
campo de control 20200930011139.0
008 - DATOS DE LONGITUD FIJA--INFORMACIÓN GENERAL
campo de control de longitud fija 100812s2017 dr c 000 spa d
040 ## - FUENTE DE LA CATALOGACIÓN
Centro catalogador/agencia de origen DO-SdBNP
Lengua de catalogación spa
Centro/agencia transcriptor BNPHU
082 ## - NÚMERO DE LA CLASIFICACIÓN DECIMAL DEWEY
Número de documento/Ítem E56
245 00 - MENCIÓN DE TÍTULO
Título Encuentros en la República Dominicana.
Mención de responsabilidad, etc. fotografías Miguel Sarró
260 ## - PUBLICACIÓN, DISTRIBUCIÓN, ETC.
Lugar de publicación, distribución, etc. Santo Domingo,
Fecha de publicación, distribución, etc. 2017.
Nombre del editor, distribuidor, etc. Archivo General de la Nación
300 ## - DESCRIPCIÓN FÍSICA
Extensión 95 p
Otras características físicas retrs.
Dimensiones 22 cm.
490 1# - MENCIÓN DE SERIE
Mención de serie Archivo General de la Nación ;
Designación de volumen o secuencia 289 ;
500 ## - NOTA GENERAL
Nota general Incluye datos biográficos del fotógrafo
590 ## - NOTA LOCAL (RLIN)
Nota local Inventariado, 2020/YL
700 12 - PUNTO DE ACCESO ADICIONAL--NOMBRE DE PERSONA
Nombre de persona Sarró, Miguel
Fechas asociadas al nombre 1968-
Término indicativo de función/relación fot.
9 (RLIN) 76567
830 #0 - PUNTO DE ACCESO ADICIONAL DE SERIE-TÍTULO UNIFORME
Título uniforme Archivo General de la Nación
Lenguaje de la obra 289
9 (RLIN) 76568
942 ## - ELEMENTOS DE PUNTO DE ACCESO ADICIONAL (KOHA)
Fuente del sistema de clasificación o colocación Dewey Decimal Classification
Tipo de ítem Koha Libros y folletos
956 ## - LOCALIZACIÓN Y ACCESO ELECTRÓNICOS LOCAL (OCLC)
Nombre del host YLOCKWARD
Existencias
Estado de retiro Estado de pérdida Fuente del sistema de clasificación o colocación Restricciones de uso No para préstamo Código de colección Localización permanente Ubicación/localización actual Ubicación en estantería Fecha de adquisición Fuente de adquisición Número de inventario Total de préstamos Signatura topográfica completa Código de barras Fecha visto por última vez Número de copia Precio válido a partir de Tipo de ítem Koha
    Dewey Decimal Classification Préstamo en sala   Monografías: Libros y Folletos General General En catalogación 17.03.2020 Editora Buho LF1   E56r 20684-30 25.06.2020 e.3 25.06.2020 Libros y folletos
    Dewey Decimal Classification     Monografías: Libros y Folletos Patrimonio Dominicano Patrimonio Dominicano En catalogación 17.03.2020 Editora Búho LF1   E56r 20684-10 25.06.2020   25.06.2020 Libros y folletos
    Dewey Decimal Classification   Préstamo restrigido Monografías: Libros y Folletos Patrimonio Dominicano Patrimonio Dominicano En catalogación 17.03.2020 Editora Búho LF1   E56r 20684-20 25.06.2020 e. 2 25.06.2020 Libros y folletos

Con tecnología Koha